| 000 | 01286nam a2200373Ia 4500 | ||
|---|---|---|---|
| 001 | dia_6565 | ||
| 003 | CHAP | ||
| 005 | 20251021155433.0 | ||
| 008 | 220117s2015 xx 000 0 und d | ||
| 010 | _a177548 | ||
| 020 | _a978-607-8406-60-9 | ||
| 040 | _cCHAP | ||
| 082 | _a808.849351 C37 T47 2015 | ||
| 100 |
_aCarlson, W. Bernard _9161477 |
||
| 245 |
_aTesla : inventor de la era eléctrica / _c W. Bernard Carlson ; traducción Laura Sánchez Fernández |
||
| 260 |
_aMéxico : _b Crítica, _c2015 |
||
| 300 | _a560 p. | ||
| 440 |
_aDrakontos _9161478 |
||
| 500 | _aTítulo original: Tesla : inventor of the electrical age | ||
| 503 | _aC. | ||
| 590 | _aTK140.T4 C37 2015 | ||
| 600 |
_a7. Tesla, Nikola, 1856-1943 _9161479 |
||
| 650 |
_aAmerican literature _x21st century _9153959 |
||
| 650 |
_aElectrical engineers _xUnited States _xBiography _9161480 |
||
| 650 |
_aEnsayo _9153131 |
||
| 650 |
_aEssay _9153132 |
||
| 650 |
_aIngenieros electricistas _xEstados Unidos _xBiografía _9161481 |
||
| 650 |
_aLiteratura americana _xSiglo XXI _9153678 |
||
| 700 |
_aSánchez Fernández, Laura, tr. _9161482 |
||
| 901 | _a808.849351 C37 T47 2015 | ||
| 902 | _aA | ||
| 905 | _a5232272015 mx ad 9222223322spa16 | ||
| 942 |
_cLIBRO _2ddc |
||
| 999 |
_c177548 _d177548 |
||